Na konci tunela býva aj svetlo

Vystúpenie britského experta Ladislava Hornana, partnera spoločnosti Hacker, Young and Parkers, v panelovej diskusii 14. 5. 1997 v Bratislave na tému Úloha konkurzu a vyrovnania v trhovom hospodárstve. Distribúcia aktív. Obchodný cit. Zhodnotenie majetku. Oživovacie metódy.

Guardado en:
Detalles Bibliográficos
Autor principal: Hornan, L.
Formato: Capítulo de libro
Lenguaje:eslovaco
Materias:
Etiquetas: Agregar Etiqueta
Sin Etiquetas, Sea el primero en etiquetar este registro!

MARC

LEADER 00000naa a2200000 4500
001 r026245
005 20230824090322.8
041 0 |a slo 
044 |a SK 
245 1 0 |a Na konci tunela býva aj svetlo  |c L. Hornan 
520 |a Vystúpenie britského experta Ladislava Hornana, partnera spoločnosti Hacker, Young and Parkers, v panelovej diskusii 14. 5. 1997 v Bratislave na tému Úloha konkurzu a vyrovnania v trhovom hospodárstve. Distribúcia aktív. Obchodný cit. Zhodnotenie majetku. Oživovacie metódy. 
610 2 0 |a Veľká Británia 
610 2 0 |a Slovensko 
610 2 0 |a Bratislava 
610 2 0 |a máj 
610 2 0 |a 1997 
610 2 0 |a konkurzy 
610 2 0 |a vyrovnanie 
610 2 0 |a insolventnosť 
610 2 0 |a hospodárstvo trhové 
610 2 0 |a diskusia 
100 1 |a Hornan, L.